| 000 | 00654nam a22001937a 4500 | ||
|---|---|---|---|
| 001 | 00028353 | ||
| 005 | 20260226182821.0 | ||
| 008 | 260226b ag ||||| |||| 00| 0 spa d | ||
| 040 |
_aAR-CcCEOS _bspa _cAR-CcCEOS |
||
| 041 | _aspa | ||
| 080 | _a820-3(73)"18" | ||
| 090 | _bDEL v.71 | ||
| 100 | 1 |
_aDelgado, Darío, _d1959- _9661 |
|
| 245 |
_aEl cuento hispanoamericano del siglo XIX / _cDarío Delgado, Riquel Díaz Rodríguez, Payró Gutierrez Nájera, Urbaneja C. Palma. |
||
| 264 |
_aBuenos Aires : _bCentro Editor de America Latina, _cc1978. |
||
| 300 |
_a127 p. ; _c19x13 cm. |
||
| 490 | _vColección Biblioteca Total; 71 | ||
| 942 |
_2udc _cBK _n0 |
||
| 999 |
_c28377 _d28377 |
||